000 00647nam a2200205Ia 4500
003 GCL
008 140319s9999 xx 000 0 ara d
040 _aGCL /
_cGCL
082 0 4 _a811.009
_bع م
100 1 _aعبدالله التطاوى
245 1 0 _aمقدمات نقدية فى دراسة القصيدة القديمة /
_cعبدالله التطاوى
260 _a[S.N] :
_bدار الثقافة للنشر والتوزيع
300 _a205 ص
490 _a
650 0 4 _aالشعر العربى
650 0 4 _aالادب العربى
650 0 4 _aدواوين وقصائد
650 0 4 _aتاريخ ونقد
942 _2ddc
_cBK
999 _c31680
_d31680